[Event "36th Zalakaros Festival 2017"]
[Site "Zalakaros"]
[Date "2017.05.23"]
[Round "6"]
[White "Rudolf, Michal"]
[Black "Plenca, Jadranko"]
[Result "1/2-1/2"]
[WhiteElo "2340"]
[BlackElo "2446"]
[Annotator "TA"]
[PlyCount "30"]
[EventDate "2017.??.??"]
[EventType "swiss"]
[EventCountry "HUN"]
[SourceTitle "playchess.com"]
[Source "ChessBase"]
[SourceQuality "1"]

{[%evp 17,30,16,27,34,17,16,28,14,18,2,52,48,52,47,52]} 1. e4 e5 2. Nf3 Nc6 3. Bb5 {[%cal Bf1b5,Bb5a4,Ba4b3][%mdl 32]} a6 4. Ba4 Nf6 5. O-O Be7 6. Re1 b5 7. Bb3 d6 8. a4 b4 9. d4 Bg4 10. dxe5 {C90: Closed Ruy Lopez with 7...d6: Early deviations} Nxe5 11. Nbd2 Qc8 12. Qe2 O-O 13. Qe3 {[#]} Nfd7 $146 ({Predecessor:} 13... Nxf3+ 14. Nxf3 Re8 15. Bd2 Bf8 16. Qf4 Be6 17. Bxe6 Qxe6 18. Bxb4 {½-½ (60) Salgado Lopez,I (2622)-Anand,V (2785) Dubai 2014}) 14. Nxe5 dxe5 15. Qg3 Nc5 1/2-1/2

[Event "36th Zalakaros Festival 2017"]
[Site "Zalakaros"]
[Date "2017.05.23"]
[Round "6"]
[White "Rapport, Jovana"]
[Black "Gazik, Igor"]
[Result "0-1"]
[WhiteElo "2334"]
[BlackElo "2292"]
[Annotator "TA"]
[PlyCount "72"]
[EventDate "2017.??.??"]
[EventType "swiss"]
[EventCountry "HUN"]
[SourceTitle "playchess.com"]
[Source "ChessBase"]
[SourceQuality "1"]

{[%evp 17,72,55,67,89,93,80,82,32,16,0,0,-30,31,-118,-133,-126,-43,-41,-47,-40,-33,-32,-31,-117,-101,-271,-164,-129,-137,-168,-180,-392,-398,-509,-491,-820,-784,-863,-798,-1279,-1235,-1064,-975,-4575,-2258,-2663,-1873,-1755,-1685,-29991,-29992,-29992,-29993,-29994,-29995,-29995,-29996]} 1. d4 Nf6 2. c4 g6 3. Nc3 d5 4. e3 Bg7 5. Qb3 dxc4 6. Bxc4 O-O 7. Nf3 Nc6 8. Be2 b6 9. O-O {D95: Grünfeld: 4 Nf3 Bg7 5 e3 0-0 6 Qb3} Be6 {LiveBook: 4 Games} 10. Qa4 Bd7 11. Rd1 {White is better.} Qe8 12. Qa3 $146 ({Predecessor:} 12. Qc4 Rc8 13. e4 e6 14. Bf4 Na5 15. Qd3 Qe7 16. Ne5 Rfd8 {1-0 (45) Bauer,C (2505)-Ftacnik,L (2595) Germany 1997}) 12... e5 $1 {[%cal Be7e5,Be5e4][%mdl 32]} 13. Nb5 Rc8 14. d5 Na5 (14... e4 $11 15. dxc6 exf3 16. Bxf3 Bxc6 17. Bxc6 Qxc6 18. Nxa7 Rcd8) 15. Qb4 {[#]} (15. Nc3 $14 {was forced to keep a grip.}) 15... e4 $1 $17 {[%cal Re4f3]} 16. Ne1 {[#]} c5 (16... Bxb5 $1 $17 17. Qxb5 Qxb5 18. Bxb5 Rcd8) 17. dxc6 $1 $15 Nxc6 18. Qa3 Qe5 $36 {[%mdl 2048] Black has the initiative.} 19. Nd6 Rcd8 20. Nc4 ({White should try} 20. Bd2 $1 $15) 20... Qg5 {And now ...Bg4 would win.} 21. Bf1 $2 (21. Bd2 $17) 21... Bg4 22. Rd2 Rfe8 23. Qb3 Bf8 24. a3 $2 (24. Qc2 {might work better.}) 24... b5 $19 25. h4 Qf5 ({Not} 25... bxc4 26. hxg5 cxb3 27. gxf6 $17) 26. f3 (26. Qc2 $142 bxc4 27. Bxc4) 26... bxc4 27. Bxc4 Ne5 28. fxg4 Nexg4 29. Bxf7+ Kh8 30. Re2 Qe5 31. Kf1 {[#]} Qh2 $1 {[%cal Rh2h1][%mdl 512]} 32. Rd2 Qg3 {( -> ...Rxd2)} 33. Rc2 {[#]} Rd1 $1 {[%csl Gg3][%cal Rd1e1][%mdl 512] Black mates.} 34. Qc3 Rc8 35. Ke2 {[#]} Rxe1+ $1 {[%mdl 512]} 36. Qxe1 Qxg2+ {Precision: White = 23%, Black = 80%.} 0-1

[Event "36th Zalakaros Festival 2017"]
[Site "Zalakaros"]
[Date "2017.05.23"]
[Round "6"]
[White "Tica, Sven"]
[Black "Marosi, Levente"]
[Result "1-0"]
[WhiteElo "2332"]
[BlackElo "2286"]
[Annotator "TA"]
[PlyCount "91"]
[EventDate "2017.??.??"]
[EventType "swiss"]
[EventCountry "HUN"]
[SourceTitle "playchess.com"]
[Source "ChessBase"]
[SourceQuality "1"]

{[%evp 21,91,0,0,0,0,0,0,0,0,10,10,0,4,7,0,9,9,0,14,0,7,-18,0,0,9,-12,-19,-68,8,-39,-22,-29,-36,-46,-19,-35,-9,-66,0,-139,-152,-183,-182,-222,-228,-456,-411,-460,-221,-228,-148,-196,-178,-306,-316,-244,-243,-381,-58,-62,-58,-45,0,0,0,0,0,0,623,618,598,589]} 1. d4 Nf6 2. g3 e6 3. c4 d5 4. Nf3 Bb4+ 5. Bd2 Be7 6. Bg2 O-O 7. O-O c6 8. Qc2 Nbd7 9. Bf4 b6 10. Nc3 Bb7 11. Rfd1 dxc4 12. Nd2 {E08: Closed Catalan: Main Line: 7 Qc2} Nd5 13. Nxc4 Nxf4 14. gxf4 {The position is equal.} Nf6 (14... Qc7 15. e3 Rad8 16. a4 Bb4 17. b3 Bxc3 18. Qxc3 c5 {½-½ (18) Li,C (2720)-Yu,Y (2729) Doha 2016}) 15. Ne5 Nd5 16. e3 Rc8 17. Rac1 f6 18. Nd3 Bd6 19. Qa4 {[#]} Rf7 $146 ({Predecessor:} 19... Bb8) 20. Ne2 f5 21. b4 a6 22. Ne5 Rfc7 23. Qb3 Bxb4 24. a3 Be7 (24... Bf8 $1 $15) 25. Bxd5 Qxd5 26. Qxb6 Qb5 ({But not} 26... c5 $6 27. e4 $1 $14 {[%mdl 512]} (27. f3 Qd6 $11)) 27. Nc4 Ba8 28. Kf1 Qd5 {Strongly threatening ...c5.} 29. Ng3 (29. Ne5 $11) 29... h5 (29... c5 $15 30. e4 fxe4 31. dxc5 Bxc5 32. Qxa6 Qc6 33. Qxc6 Bxc6) 30. Nxh5 (30. Qb2 $11 {keeps the balance.}) 30... c5 $36 {[%cal Bc6c5,Bc5c4,Bc4c3][%mdl 2080] Black is on the roll.} 31. Ne5 c4 32. Ng3 c3 $1 ({Worse is} 32... Bxa3 33. Ra1 $11) 33. Qxa6 $2 (33. Rc2) 33... Bb7 $19 34. Qe2 Bxa3 (34... Qg2+ $142 35. Ke1 c2) 35. Rc2 Ra8 36. Qh5 {intending e4!} Bd6 {[#]} 37. f3 (37. e4 $1 {[%mdl 512] was worth a try.} Qb3 (37... fxe4 38. Kg1) 38. Rdc1) 37... Bxe5 38. fxe5 Qb3 (38... Qxf3+ 39. Qxf3 Bxf3 40. Ne2 $11) 39. Rcc1 {[#]} (39. Rdc1 $142 Ba6+ 40. Kg2) 39... Ba6+ $2 ({Weaker is} 39... c2 40. Re1 $19) ({Black should try} 39... f4 $1 $19 {[%mdl 512]} 40. Ne4 (40. exf4 c2) 40... Bxe4 41. fxe4 {[#]} f3 $1 {[%mdl 512]}) 40. Kg1 $15 c2 {[%mdl 1024] Black has compensation.} 41. Re1 {next Qg6 is good for White.} f4 42. Ne4 {Black must now prevent Kh1.} Bd3 43. Qg6 {Threatens to win with Nf6+.} Rf7 44. exf4 $1 Qc4 $2 {[%mdl 8192] [#]} (44... Rxf4 $11 45. Qg3 Rf7) 45. Qxf7+ $1 $18 {[%mdl 512]} Kxf7 46. Nd6+ {Precision: White = 32%, Black = 49%.} 1-0

[Event "36th Zalakaros Festival 2017"]
[Site "Zalakaros"]
[Date "2017.05.23"]
[Round "6"]
[White "Gara, Ticia"]
[Black "Munkhgal, Gombosuren"]
[Result "1-0"]
[WhiteElo "2329"]
[BlackElo "2445"]
[Annotator "TA"]
[PlyCount "101"]
[EventDate "2017.??.??"]
[EventType "swiss"]
[EventCountry "HUN"]
[SourceTitle "playchess.com"]
[Source "ChessBase"]
[SourceQuality "1"]

{[%evp 10,101,20,19,23,35,54,29,28,18,27,31,28,30,39,19,17,10,32,22,20,18,19,-16,-2,-11,-3,-15,-16,-14,-18,-19,-5,-13,-5,-5,0,0,58,56,88,52,108,120,127,125,119,113,110,11,11,12,16,16,16,16,31,30,32,29,202,183,206,253,347,347,356,311,323,183,943,879,1232,1155,2202,1874,1319,2006,2113,2172,3506,2302,29981,29982,29987,29988,29988,29989,29988,29989,29992,29993,29997,29998]} 1. Nf3 Nf6 2. g3 e6 3. Bg2 b5 4. O-O Bb7 5. d3 Be7 6. e4 d5 {A05: Réti Opening: 1 Nf3 Nf6} (6... d6 7. Nd4 a6 8. Nb3 c5 9. e5 Bxg2 10. exf6 Bxf1 11. fxe7 Qxe7 12. Qxf1 Nc6 13. Be3 O-O 14. Nc3 f5 {1-0 (39) Aronian,L (2801)-Ipatov,A (2630) Antalya 2013}) 7. exd5 exd5 8. a4 $146 ({Predecessor:} 8. Re1 O-O 9. Nd4 a6 10. Nf5 Re8 11. Bg5 Nbd7 12. Nc3 c6 {½-½ (40) Bodek,M (2400)-Katz,A (2266) ICC INT 2013}) 8... b4 {White has an edge.} 9. Nd4 O-O 10. Nf5 Re8 11. Nxe7+ Qxe7 12. Nd2 c5 13. Nb3 d4 14. Bg5 Bxg2 15. Kxg2 Nbd7 16. Bxf6 Qxf6 17. Qf3 Qd6 18. Rfe1 Ne5 19. Qe4 g6 {And now ...f5 would win.} 20. Nd2 f5 21. Qf4 $1 ({Don't capture} 21. Qb7 $2 Reb8 $19) 21... Qd5+ 22. Nf3 $1 Nf7 {[#] aiming for ...g5.} 23. h4 b3 (23... Rac8 $11) 24. cxb3 $14 Qxb3 25. Rac1 Qxd3 (25... Qb6 $14) 26. Rxe8+ $16 Rxe8 27. Rxc5 Rd8 28. Rc7 {[#] Hoping for Rxf7!} Qe4 29. Qxe4 ({Better is} 29. Rxa7 $16 {Threatens to win with Qxe4.} Qxf4 30. gxf4) 29... fxe4 {[%mdl 4096] Endgame KRN-KRN} 30. Nd2 e3 31. fxe3 dxe3 32. Nc4 Re8 33. Kf1 Nh6 34. Nd6 Rf8+ $2 (34... e2+ $11 {and Black has nothing to worry.} 35. Ke1 Re6) 35. Ke2 $18 Ng4 {White must now prevent ...Rf2+.} 36. Rc8 ({Don't go for} 36. Rxa7 $2 Rf2+ 37. Kd3 (37. Ke1 $2 Ne5 $19) 37... Rd2+ 38. Kc3 Rxd6 $19) 36... Kg7 {...Rf2+ is the strong threat.} 37. Rxf8 Kxf8 {KN-KN} 38. b4 {[%cal Bb2b4,Bb4b5,Bb5b6][%mdl 32]} Nf6 39. Nb5 ({Less strong is} 39. Kxe3 Nd5+ 40. Kd3 Nxb4+ 41. Kc4 Nc2 $18) (39. b5 $142) 39... Ne4 $2 (39... Nd5 40. Nxa7 Ke7) 40. Kxe3 Nxg3 41. Nxa7 Ke8 42. b5 Kd7 43. b6 Nf5+ 44. Ke4 Nd6+ 45. Kd5 Nf5 46. a5 {[%cal Ba4a5,Ba5a6,Ba6a7][%mdl 32] White mates.} h6 47. a6 Ne7+ 48. Kc5 g5 49. Nb5 Kc8 50. a7 Kb7 51. Nc7 {Precision: White = 69%, Black = 45%.} 1-0

[Event "36th Zalakaros Festival 2017"]
[Site "Zalakaros"]
[Date "2017.05.23"]
[Round "6"]
[White "Paszewski, Mateusz"]
[Black "Szukics, Adam"]
[Result "1-0"]
[WhiteElo "2327"]
[BlackElo "2229"]
[Annotator "TA"]
[PlyCount "79"]
[EventDate "2017.??.??"]
[EventType "swiss"]
[EventCountry "HUN"]
[SourceTitle "playchess.com"]
[Source "ChessBase"]
[SourceQuality "1"]

{[%evp 18,79,17,8,9,3,25,23,18,17,42,9,25,14,62,54,108,111,150,148,150,158,162,147,160,156,148,146,272,270,254,251,243,136,343,353,324,327,497,475,782,762,718,666,767,777,750,746,787,755,945,961,931,817,872,712,1196,1182,2729,2461,1988,1648,2598,2492]} 1. Nf3 d5 2. g3 Nf6 3. Bg2 e6 4. c4 Be7 5. O-O O-O 6. d4 dxc4 7. Qc2 a6 8. a4 Bd7 9. Qxc4 Bc6 10. Bf4 Bd6 {E05: Open Catalan: 5 Nf3 Be7} (10... a5 11. Nc3 Nbd7 12. Qd3 Bb4 13. Rfe1 Re8 14. Qc2 Bxf3 15. Bxf3 c6 16. Red1 Qe7 17. Na2 Bd6 18. Bxd6 Qxd6 {1-0 (65) So,W (2822)-Kramnik,V (2811) Shamkir 2017}) 11. Qc1 Bxf4 12. Qxf4 Qd6 {White has an edge.} 13. Qc1 Qb4 14. Nc3 Nbd7 (14... Bxf3 $5 15. Bxf3 c5 $11) 15. Rd1 Nb6 {[%cal Rc6a4]} 16. Qc2 Nfd5 ({Black should try} 16... Bd5 $14) 17. Ne5 $146 ({But not} 17. Ng5 g6 $14) ({Predecessor:} 17. Ng5 g6 18. Nxd5 Bxd5 19. Bxd5 exd5 {1-0 (53) Salimova,N (2136)-Leser,K (2025) Poprad 2016}) 17... Nxc3 18. bxc3 Bxa4 19. cxb4 Bxc2 20. Rdc1 f6 21. Rxc2 {[#] Threatens to win with Nd3.} fxe5 22. Rxc7 Nd5 (22... exd4 $16 {was necessary.} 23. Rxb7 (23. Bxb7 Ra7 $16) 23... Nd5) 23. Bxd5 $1 $18 ({Much less strong is} 23. Rxb7 $6 exd4 24. Rd7 Rfd8 $18) 23... exd5 24. dxe5 {[%mdl 4096] Endgame KRR-KRR} Rf7 25. Rac1 (25. Rc5 $18) 25... Re8 $2 {[#]} (25... Rxc7 $16 26. Rxc7 b6) 26. f4 g5 27. e3 g4 (27... b6 {is a better defense.} 28. R7c6 Rb7) 28. Kf2 {White is clearly winning.} Re6 (28... b6 $142 29. Rc8 Kf8) 29. Rxf7 Kxf7 {KR-KR} 30. Rc7+ Kg6 {and the idea ...Rb6 leaves Black hopeful.} 31. Rd7 Kf5 32. Rxd5 Rb6 33. Rd4 Rb5 34. e4+ Ke6 35. Ke3 a5 36. bxa5 Rb3+ 37. Rd3 Rb2 38. Rd6+ Ke7 39. Rh6 Kd7 40. f5 {Precision: White = 77%, Black = 23%.} 1-0

[Event "36th Zalakaros Festival 2017"]
[Site "Zalakaros"]
[Date "2017.05.23"]
[Round "6"]
[White "Borsos, Bogdan"]
[Black "Ugroczky, Peter"]
[Result "1/2-1/2"]
[WhiteElo "2321"]
[BlackElo "2185"]
[Annotator "TA"]
[PlyCount "142"]
[EventDate "2017.??.??"]
[EventType "swiss"]
[EventCountry "HUN"]
[SourceTitle "playchess.com"]
[Source "ChessBase"]
[SourceQuality "1"]

{[%evp 17,142,37,56,37,61,61,61,61,61,16,28,-9,78,64,79,35,66,41,34,50,60,53,110,56,47,52,112,86,131,124,139,143,156,142,218,55,187,175,164,156,216,58,111,112,117,112,106,64,56,31,38,8,7,0,0,-7,-7,-6,-13,-12,0,-142,-3,-189,-150,-268,-179,-261,-252,-250,-247,-252,-257,-240,-13,-13,-13,-13,0,-4,53,45,47,0,0,0,0,0,0,0,0,0,0,0,0,0,0,0,0,0,0,0,0,0,0,0,0,0,0,0,0,0,0,0,0,3,3,3,29965,29964,29965,29965,29972,29973,29975,0,0]} 1. d4 d5 2. c4 e6 3. g3 Nf6 4. Nf3 Be7 5. Bg2 O-O 6. O-O c6 7. Nc3 Nbd7 8. Nd2 b6 {E07: Closed Catalan: Main Line (5 Nf3 0-0 6 0-0 Nbd7)} 9. e4 Bb7 {LiveBook: 7 Games} (9... dxc4 10. Nxc4 Ba6 11. b3 b5 12. Ne3 b4 13. Ne2 Nb6 14. Bb2 c5 15. d5 Ne8 16. Re1 exd5 17. exd5 {1-0 (49) Wang,H (2717)-Shomoev,A (2561) Ho Chi Minh City 2016}) 10. cxd5 exd5 {White is slightly better.} 11. e5 Ne8 12. f4 f5 13. g4 $146 ({Predecessor:} 13. Nf3 Nc7 14. Be3 Qe8 15. Qd2 h6 16. h3 {1-0 (44) Bobotsov,M-Malchev,A Sofia 1952}) 13... g6 14. gxf5 gxf5 (14... Rxf5 $11 15. Bh3 Ng7) 15. Rf3 Kh8 16. Nf1 Ng7 17. Rh3 Rg8 18. Ng3 Qe8 19. Be3 Qg6 (19... Qf7 $14) 20. Bf3 (20. Rc1 $16) 20... Nf8 $14 21. Kh1 Nfe6 (21... Qf7 $14) 22. Qd2 Rad8 23. Rg1 Qf7 24. Qg2 Nf8 25. Rh6 $1 c5 (25... Ng6 $16 26. Qh3 Ne6) 26. Qh3 $2 (26. Nb5 $1 $18) 26... Bc8 (26... cxd4 $1 $14 27. Bxd4 Nge6 28. Qxf5 Qxf5 29. Nxf5 Nxd4 30. Rxg8+ (30. Nxd4 Rxg1+ 31. Kxg1 Bc5 $14) 30... Kxg8 31. Nxd4 (31. Nxe7+ Kg7 $17) 31... Ng6) 27. Nce2 Be6 28. Rg2 Ne8 (28... Rc8 $16 29. Nf1 Bd8) 29. Nc3 $2 (29. Bh5 $1 $18 {[%cal Rh5f7]} Qg7 30. Bf3 (30. Nxf5 Qxg2+ 31. Qxg2 Rxg2 $16)) 29... cxd4 ({Black should play} 29... Rg6 $14) 30. Bxd4 $16 Bc5 31. Nge2 Rxg2 32. Qxg2 (32. Bxg2 {feels hotter.} Nc7 33. a3 Ng6 34. Qe3 Be7 35. Qf2) 32... Qg7 33. Rh3 {Strongly threatening Qf2.} (33. Qh3 {looks sharper.} Ng6 34. Rh5 Nc7 35. Rg5 Rg8 36. Bg2) 33... Qxg2+ 34. Bxg2 (34. Kxg2 {is more complex.} Nc7 35. Bh5 Kg7 36. a3 Ng6 37. Rd3) 34... Ng6 35. Rd3 Nc7 36. a3 Bc8 37. b4 Bxd4 38. Rxd4 Bb7 39. b5 (39. Rd2 $11 {remains equal.}) 39... Nh4 (39... Ne6 $17 40. Rb4 d4 41. Bxb7 dxc3) 40. Rd2 $2 (40. Ra4 $1 $11 {and White stays safe.} Nxg2 41. Rxa7 (41. Kxg2 d4+ 42. Kf2 dxc3 $17) 41... Nxf4 42. Rxb7 (42. Nxf4 Rb8 $17)) 40... Ne6 $1 $19 ({Resist} 40... Nxg2 41. Kxg2 d4+ 42. Kf2 $17) 41. Nd4 (41. Na2 $17) 41... Nxf4 42. Nc6 (42. Bf1 {might work better.}) 42... Bxc6 $1 43. bxc6 {[%cal Rg2d5]} Nhxg2 44. c7 Rc8 $1 {[%cal Rc8c7]} 45. Nxd5 Nxd5 $2 (45... Kg7 $1 $19 {[%cal Rg7f7]} 46. e6 Nxd5 47. Rxd5 Nf4 48. Rd7+ Kf6) 46. Rxd5 $11 Rxc7 47. Kxg2 $19 {[%mdl 4096] Endgame KR-KR} Kg7 (47... Rc5 $5 {[%cal Rc5d5]} 48. Rd8+ Kg7 49. Rd7+ Kg6 50. Rxa7 Rxe5 $17) 48. Kg3 Rf7 (48... Rc4 $11) 49. Kf4 $14 {[%mdl 1024] e6 is the strong threat. White has compensation.} Kf8 50. e6 Rf6 51. Ke5 Rh6 52. Rd8+ (52. Rd7 $5 {[%cal Re5d6]} Rxh2 53. Rxa7 $11) 52... Ke7 53. Rd7+ Ke8 54. Rxa7 {Hoping for Kd6.} Rxh2 55. Kf6 {[%cal Ra7a8]} Rh6+ 56. Kxf5 Rh1 57. a4 Rf1+ 58. Ke5 (58. Ke4 $5 {[%cal Ra7h7]}) 58... Re1+ 59. Kd6 {[%cal Ra7a8]} (59. Kf6 $5 {[%cal Ra7a8]} Rf1+ 60. Ke5 $11) 59... Rd1+ 60. Kc6 Re1 61. Kd6 {[%cal Ra7a8]} Rd1+ 62. Kc7 Re1 63. Ra8+ (63. Ra6 {with more complications.} Ra1 64. Kd6 Rd1+ 65. Kc6 Re1 66. Kd5) 63... Ke7 64. Rh8 Rxe6 65. Rxh7+ Ke8 66. Rh4 {Threatens to win with Rb4.} Re7+ 67. Kxb6 (67. Kc6 {seems wilder.} Re1 68. Rd4 Re6+ 69. Kb7 Re7+ 70. Ka6) 67... Kd8 $2 {[%mdl 8192]} (67... Kd7 $11) 68. Rh8+ Kd7 69. a5 {[%cal Ba4a5,Ba5a6][%mdl 32]} Re1 {[#]} 70. a6 $1 {[%cal Ra6a7]} Rb1+ 71. Ka5 $2 (71. Kc5 {mates} Rc1+ 72. Kd5 Rd1+ 73. Ke4 Re1+ 74. Kd3 Rd1+ 75. Ke2 Ra1 {[#]} 76. a7 $1 {[%mdl 512]}) 71... Kc7 {Precision: White = 40%, Black = 47%.} 1/2-1/2

[Event "36th Zalakaros Festival 2017"]
[Site "Zalakaros"]
[Date "2017.05.23"]
[Round "6"]
[White "Cebalo, Miso"]
[Black "Pujari, Rucha"]
[Result "1/2-1/2"]
[WhiteElo "2320"]
[BlackElo "2203"]
[Annotator "TA"]
[PlyCount "78"]
[EventDate "2017.??.??"]
[EventType "swiss"]
[EventCountry "HUN"]
[SourceTitle "playchess.com"]
[Source "ChessBase"]
[SourceQuality "1"]

{[%evp 18,78,22,22,59,51,43,38,27,14,52,-20,18,18,41,36,39,18,40,8,0,0,0,-45,-29,-18,5,-33,-40,-57,-68,-48,-50,-82,-71,-81,-62,-79,-83,-121,0,0,0,0,0,-9,-8,-13,-13,-14,-13,-21,-13,-13,-13,-13,-13,-14,-14,-17,-14,-15,-16]} 1. Nf3 d5 2. c4 e6 3. g3 Nf6 4. Bg2 Be7 5. O-O O-O 6. b3 c6 7. Bb2 Nbd7 8. d3 b6 9. Nbd2 Bb7 10. e4 c5 {A14: English Opening: 1...e6 with b3 by White} 11. Qe2 d4 12. e5 Ne8 {White is slightly better.} 13. h4 $146 (13. b4 $5) ({Predecessor:} 13. b4 Qc7 14. Rfe1 g6 15. h4 Ng7 16. bxc5 bxc5 {1-0 (32) Leon Hoyos,M (2428)-Navarro Segura,R (2242) Merida 2005}) 13... Nc7 {[#]} 14. Rae1 ({White should try} 14. b4 $1 $14 {[%mdl 512]}) 14... Rb8 {[%cal Ba8b8,Bb8b6,Bb6a6][%mdl 32]} 15. Bc1 h6 16. Nh2 Bxg2 17. Kxg2 b5 18. Qh5 Qe8 19. Qf3 Rb6 20. h5 f6 21. exf6 Nxf6 22. cxb5 Nxh5 23. Qe2 Nxb5 24. Nc4 Ra6 25. Bd2 Nc3 26. Bxc3 dxc3 27. Ng4 Nf6 28. Nge5 Qh5 (28... Nd5 $17 29. f4 Bf6) 29. Qxh5 $11 {The position is equal.} Nxh5 30. Ng6 Re8 $1 31. Nxe7+ Rxe7 32. Re5 Nf6 33. Rxc5 Rxa2 {[#] And now ...Nd5 would win.} 34. Ne3 Rb7 35. Rxc3 Rb2 36. Ra1 R2xb3 37. Rxb3 Rxb3 38. Rxa7 Rxd3 39. Re7 Rd6 {Precision: White = 42%, Black = 61%.} 1/2-1/2

[Event "36th Zalakaros Festival 2017"]
[Site "Zalakaros"]
[Date "2017.05.23"]
[Round "6"]
[White "Blohberger, Felix"]
[Black "Csiki, Endre"]
[Result "1/2-1/2"]
[WhiteElo "2319"]
[BlackElo "2200"]
[Annotator "TA"]
[PlyCount "84"]
[EventDate "2017.??.??"]
[EventType "swiss"]
[EventCountry "HUN"]
[SourceTitle "playchess.com"]
[Source "ChessBase"]
[SourceQuality "1"]

{[%evp 9,84,48,49,13,13,12,10,-1,0,0,0,-2,7,0,0,2,22,10,31,28,52,20,33,27,47,45,43,49,107,105,125,116,131,112,227,172,168,170,179,185,178,134,301,116,142,144,333,326,264,115,169,181,175,158,172,143,139,0,0,0,0,0,0,0,0,0,0,0,0,0,0,0,0,0,0,0,0]} 1. c4 Nf6 2. Nc3 g6 3. Nf3 Bg7 4. e4 e5 5. Nxe5 Nxe4 (5... O-O 6. Nf3 Re8 7. d3 d5 8. cxd5 Nxd5 9. Nxd5 Qxd5 10. Be2 Qd6 11. O-O c5 12. Qc2 Nc6 {1-0 (49) Aronian,L (2784)-Grischuk,A (2752) chess.com INT 2016}) 6. Nf3 {A16: English Opening: 1...Nf6 with ...d5} (6. Nxe4 {looks sharper.} Qe7 7. d4 d6 8. Bg5 f6 9. Bxf6 Bxf6 10. Nxf6+ Qxf6 11. Nf3) 6... Nxc3 $146 ({Predecessor:} 6... Qe7 7. Nd5 Qd8 8. d3 Nc5 9. d4 Ne6 10. Nc3 O-O 11. d5 Nc5 12. Be3 d6 {1-0 (56) Andonov,B (2383)-Savic,D (2225) Senta 2007}) 7. dxc3 O-O 8. Be3 Re8 9. Be2 d6 10. O-O Nc6 11. Qd2 Bf5 12. Rfe1 Qd7 13. Rad1 Rad8 14. h3 f6 15. Bf1 Qf7 16. b3 Kh8 17. Nd4 Nxd4 18. cxd4 Bd7 (18... b6 $14) 19. Qa5 $16 Bc8 20. Qxa7 f5 21. g3 b6 (21... Bf6 $16 22. Bg2 Re7) 22. Bg2 f4 23. Bxf4 Rxe1+ 24. Rxe1 Bxd4 25. Qa8 Re8 $2 (25... g5 $16) 26. Be3 $2 (26. Rxe8+ $18 Qxe8 27. Qb8) 26... Bxe3 27. Rxe3 ({Inferior is} 27. fxe3 Bxh3 28. Qd5 Qd7 $11) 27... Rxe3 $2 (27... Be6 $16 28. Qc6 Re7) 28. fxe3 $18 Qe8 {[#]} 29. Kh2 (29. Qb8 $1 $18 {and the rest is easy.}) 29... Kg7 (29... Bd7 $16 {was necessary.}) 30. a4 h5 31. h4 Bd7 {[#]} 32. Qa7 $1 {[%cal Ra7c7]} Qd8 33. b4 (33. Bf3 $16) 33... g5 $1 $11 {The position is equal.} 34. hxg5 h4 $1 35. gxh4 Qe7 36. Qb7 {Hoping for Qe4.} (36. Bf3 $5 {[%cal Ra7c7]} Qxe3 37. Kg2 (37. Qxc7 Qf2+ 38. Bg2 Qxh4+ 39. Kg1 Qd4+ 40. Kf1 Qd3+ 41. Kf2 Qd2+ 42. Kf3 Qc3+ 43. Ke4 Qc2+ 44. Ke3 Qc3+ 45. Ke4 Qe5+ 46. Kf3 Qc3+ 47. Ke4 $11) 37... Qd2+ 38. Kg3 Qe1+ 39. Kg2 Qd2+ 40. Kg3 Qe1+ 41. Kg2 Qd2+ $11) 36... Qe5+ 37. Kg1 {Strongly threatening Kf2.} Qxe3+ 38. Kf1 Qc1+ 39. Kf2 {And now Qe4 would win.} Qb2+ 40. Kg3 {Black must now prevent Qe4.} Qe5+ 41. Kf2 {Threatens to win with Qe4.} Qb2+ 42. Kg1 {aiming for Qe4.} Qd4+ {Precision: White = 52%, Black = 46%.} 1/2-1/2

[Event "36th Zalakaros Festival 2017"]
[Site "Zalakaros"]
[Date "2017.05.23"]
[Round "6"]
[White "Beletic, Daniel"]
[Black "Paschall, William M"]
[Result "1/2-1/2"]
[WhiteElo "2315"]
[BlackElo "2380"]
[Annotator "TA"]
[PlyCount "82"]
[EventDate "2017.??.??"]
[EventType "swiss"]
[EventCountry "HUN"]
[SourceTitle "playchess.com"]
[Source "ChessBase"]
[SourceQuality "1"]

{[%evp 9,82,15,35,33,46,46,42,44,45,19,25,18,14,15,18,7,23,14,18,25,56,47,53,58,47,47,76,77,78,78,81,73,80,54,50,57,58,40,60,-31,-22,-99,-106,-120,-118,-75,-33,-29,-8,-8,-8,-8,-8,-8,-8,-13,-4,-5,0,0,0,0,0,0,0,0,0,-43,0,0,0,0,5,5,5]} 1. Nf3 c5 2. c4 Nc6 3. b3 Nf6 (3... e5 4. Bb2 e4 5. Ng1 Nf6 6. Nc3 Be7 7. g3 O-O 8. Bg2 Re8 9. Nh3 d5 10. cxd5 Nxd5 11. Nxe4 Bf5 12. Nc3 {0-1 (31) Svidler,P (2759)-Vachier Lagrave,M (2798) Biel 2016}) 4. g3 b6 5. Bg2 Bb7 6. O-O {A30: Symmetrical English: Double Fianchetto and Hedgehog} d5 $146 ({Predecessor:} 6... e6 7. Bb2 Be7 8. Nc3 O-O 9. d4 Nxd4 10. Nxd4 Bxg2 11. Kxg2 cxd4 12. Qxd4 Qc7 13. e4 d6 14. f3 {½-½ (14) Razuvaev,Y (2545)-Seirawan,Y (2595) Reykjavik 1990}) 7. Bb2 dxc4 8. bxc4 {White is slightly better.} Qd7 9. e3 {[%cal Be2e3,Be3d4,Bd4e5][%mdl 32]} e6 10. Qe2 Be7 11. Rd1 O-O 12. d4 cxd4 13. exd4 Rfe8 14. Nc3 Rad8 15. Ne5 Qc8 16. Nb5 $1 Nxe5 17. dxe5 Nd7 {[%cal Bf6d7,Bd7c5,Bc5e4,Be4g5,Bg5f3][%mdl 32]} 18. Nxa7 Qa8 19. Bxb7 Qxb7 20. Nb5 Nc5 21. Bd4 Qc6 22. Rab1 Ra8 23. Rd2 Rec8 24. Qe3 (24. Bxc5 $14 Bxc5 25. Rbd1) 24... Ne4 $1 $15 {[%cal Re4g5] [#] White must now prevent ...Ng5.} 25. Rdb2 (25. Rd3 $1 $11 {remains equal.}) 25... Ng5 $17 {...Rxa2! is the strong threat.} 26. h4 Nf3+ 27. Kf1 Nxd4 28. Qxd4 {With the idea Nd6.} Bc5 ({Reject} 28... Qxc4+ 29. Qxc4 Rxc4 30. Nd6 $14) (28... Rd8 $5 {[%cal Rd8d4]} 29. Nd6 Bxd6 30. exd6 Rxd6 31. Rxb6 Qh1+ 32. Ke2 Qxb1 33. Rxd6 Rxa2+ 34. Kf3 Qh1+ 35. Kf4 h6 36. Rd8+ Kh7 37. Qe4+ Qxe4+ 38. Kxe4 Rxf2 $15) 29. Qf4 $1 {[#]} Rxa2 $1 {[%mdl 512]} 30. Rxa2 Qh1+ 31. Ke2 Qxb1 32. Ra7 Rf8 33. Nd6 $1 Bb4 34. Ne4 $40 {[%mdl 128] White is up to no good.} Qe1+ 35. Kf3 Qh1+ 36. Kg4 Qd1+ 37. f3 h6 38. Kh5 Qd8 39. Nf6+ {The position is equal.} Kh8 {aiming for ...Bd2.} 40. Ne4 Be7 41. Kg4 Kg8 {Precision: White = 63%, Black = 63%.} 1/2-1/2